[Event "XXVII C.to Torinese Open"]
[Site "Torino ITA"]
[Date "2011.01.17"]
[Round "1"]
[White "Tomanin, Roberto"]
[Black "Quirico, Paolo"]
[Result "0-1"]
[WhiteElo "1642"]
[BlackElo "2156"]
[PlyCount "61"]
[EventDate "2011.01.17"]

1. d4 Nf6 2. Bf4 e6 3. e3 b6 4. Bd3 Bb7 5. Nf3 Be7 6. Nbd2 d6 7. c3 Nh5 8. Bg3
Nd7 9. Qe2 a6 10. e4 c5 11. O-O-O b5 12. e5 cxd4 13. Nxd4 Nxg3 14. fxg3 Nxe5
15. N2f3 Nxd3+ 16. Rxd3 Qa5 17. Kb1 Bd5 18. b4 Qc7 19. Nd2 O-O 20. h4 Rfb8 21.
Re3 Bf6 22. Rc1 Bxa2+ 23. Kxa2 Bxd4 24. Rd3 Be5 25. Nb3 Qc4 26. Kb2 a5 27. Nxa5
Qxb4+ 28. Nb3 Qa3+ 29. Kc2 Qa2+ 30. Kd1 Qxb3+ 31. Ke1 0-1

[Event "XXVII C.to Torinese Open"]
[Site "Torino ITA"]
[Date "2011.01.24"]
[Round "2"]
[White "Quirico, Paolo"]
[Black "Abbura', Davide"]
[Result "1-0"]
[WhiteElo "2156"]
[BlackElo "1694"]
[PlyCount "65"]
[EventDate "2011.01.17"]

1. d4 e6 2. Bf4 Nf6 3. e3 d5 4. Nf3 Bd6 5. Ne5 c6 6. Nd2 Qc7 7. Bg3 b6 8. Bd3
Nbd7 9. f4 Bb7 10. Bh4 c5 11. c3 Bxe5 12. fxe5 Nxe5 13. dxe5 Qxe5 14. Qa4+ Nd7
15. O-O-O a6 16. Qg4 h5 17. Qf3 b5 18. Rhf1 f5 19. Qf4 Qxf4 20. exf4 c4 21. Bc2
Nc5 22. Nf3 Ne4 23. Bxe4 fxe4 24. Nd4 Kd7 25. f5 exf5 26. Rxf5 Raf8 27. Rdf1
Ke8 28. Re5+ Kd7 29. Re7+ Kc8 30. Rff7 Rxf7 31. Rxf7 g5 32. Bxg5 Rg8 33. h4 1-0

[Event "XXVII C.to Torinese Open"]
[Site "Torino ITA"]
[Date "2011.01.31"]
[Round "3"]
[White "De Barberis, Massimo"]
[Black "Fassio, Luca"]
[Result "1/2-1/2"]
[WhiteElo "2090"]
[BlackElo "2089"]
[PlyCount "103"]
[EventDate "2011.01.17"]

1. e4 g6 2. d4 Bg7 3. Nc3 d6 4. Bc4 Nf6 5. Qe2 Nc6 6. e5 Nd7 7. Bxf7+ Kxf7 8.
e6+ Kg8 9. exd7 Bxd7 10. Nf3 h6 11. Be3 Kh7 12. O-O-O Rf8 13. h4 e5 14. h5 g5
15. d5 Ne7 16. Ne4 Kh8 17. Nfxg5 hxg5 18. Bxg5 Rf5 19. h6 Bf8 20. Bf6+ Rxf6 21.
Nxf6 Bf5 22. g4 Bg6 23. f4 Ng8 24. Nxg8 Kxg8 25. fxe5 Qg5+ 26. Qd2 Qxd2+ 27.
Rxd2 dxe5 28. Re2 e4 29. c4 Be7 30. Kd2 Rf8 31. h7+ Bxh7 32. Rxh7 Kxh7 33. Rxe4
Bg5+ 34. Kd3 Rf3+ 35. Kd4 Rf2 36. b4 Bf6+ 37. Kc5 Rxa2 38. d6 cxd6+ 39. Kxd6 b6
40. c5 bxc5 41. bxc5 Bh4 42. c6 Rc2 43. Re3 Bf2 44. Rf3 Bb6 45. Kd7 Kg6 46. Rf4
Kg5 47. Ra4 Rc1 48. Rxa7 Rd1+ 49. Ke6 Bxa7 50. c7 Rc1 51. Kd7 Rd1+ 52. Ke6
1/2-1/2

[Event "XXVII C.to Torinese Open"]
[Site "Torino ITA"]
[Date "2011.02.07"]
[Round "4"]
[White "Fassio, Luca"]
[Black "Pulito, Alberto"]
[Result "1/2-1/2"]
[WhiteElo "2089"]
[BlackElo "2282"]
[PlyCount "39"]
[EventDate "2011.01.17"]

1. e4 d6 2. d4 Nf6 3. Bd3 e5 4. c3 d5 5. dxe5 Nxe4 6. Nf3 Nc6 7. Nbd2 Bg4 8.
O-O Nc5 9. Bc2 Ne6 10. Re1 Be7 11. h3 Bh5 12. Nf1 d4 13. Ng3 Bg6 14. Nf5 dxc3
15. bxc3 O-O 16. Be3 Bc5 17. Qe2 Bxe3 18. Qxe3 Ne7 19. N3h4 Nd5 20. Qg3 1/2-1/2

[Event "XXVII C.to Torinese Open"]
[Site "Torino ITA"]
[Date "2011.02.14"]
[Round "5"]
[White "Pulito, Alberto"]
[Black "Quirico, Paolo"]
[Result "1/2-1/2"]
[WhiteElo "2282"]
[BlackElo "2156"]
[PlyCount "56"]
[EventDate "2011.01.17"]

1. e4 e6 2. d4 d5 3. Nc3 Bb4 4. e5 c5 5. a3 Bxc3+ 6. bxc3 Ne7 7. h4 Qa5 8. Bd2
Qa4 9. Nf3 c4 10. Ng5 h6 11. Nh3 Nbc6 12. Nf4 Bd7 13. Nh5 Rg8 14. g3 O-O-O 15.
Bg2 Ng6 16. O-O Nce7 17. Rb1 Nc6 18. Qc1 Nge7 19. Be1 Rdf8 20. Bh3 Ng6 21. Bd2
Rd8 22. f4 Rdf8 23. f5 exf5 24. Kh2 Nge7 25. Rf2 Be6 26. Qd1 Kc7 27. Bc1 Rd8
28. Qf1 Rde8 1/2-1/2

[Event "XXVII C.to Torinese Open"]
[Site "Torino ITA"]
[Date "2011.02.21"]
[Round "6"]
[White "Quirico, Paolo"]
[Black "Fassio, Luca"]
[Result "1-0"]
[WhiteElo "2156"]
[BlackElo "2089"]
[PlyCount "81"]
[EventDate "2011.01.17"]

1. d4 g6 2. e4 Bg7 3. Nc3 d6 4. f4 c6 5. Nf3 Bg4 6. Be3 Nd7 7. h3 Bxf3 8. Qxf3
e6 9. Be2 Ne7 10. Rf1 O-O 11. g4 d5 12. exd5 Nxd5 13. Nxd5 cxd5 14. g5 Qa5+ 15.
c3 b5 16. Bd2 Qb6 17. h4 a5 18. h5 b4 19. Rh1 bxc3 20. bxc3 Qb2 21. Rd1 Rfb8
22. Bd3 Qxa2 23. Ke2 Rb2 24. Qe3 Rc8 25. hxg6 hxg6 26. Bxg6 Qc4+ 27. Kf3 Nf8
28. Bd3 Qc7 29. g6 f6 30. Rh2 e5 31. Bf5 exf4 32. Be6+ Nxe6 33. Qxe6+ Kf8 34.
Rdh1 Rxd2 35. Rh8+ Bxh8 36. Rxh8+ Kg7 37. Rxc8 Qb7 38. Rg8+ Kh6 39. Qh3+ Kg5
40. Qg4+ Kh6 41. Qh4# 1-0

[Event "XXVII C.to Torinese Open"]
[Site "Torino ITA"]
[Date "2011.02.28"]
[Round "7"]
[White "Quirico, Paolo"]
[Black "Mantovan, Giuseppe"]
[Result "1-0"]
[WhiteElo "2156"]
[BlackElo "1844"]
[PlyCount "109"]
[EventDate "2011.01.17"]

1. d4 d5 2. Bf4 e6 3. e3 c5 4. c3 Nc6 5. Nf3 Qb6 6. Qc1 Bd7 7. Nbd2 Rc8 8. Be2
cxd4 9. exd4 Nf6 10. O-O Na5 11. Ne5 Bb5 12. Re1 Bxe2 13. Rxe2 Qa6 14. Qd1 Nc6
15. Ndf3 Nxe5 16. Nxe5 Bd6 17. Re3 Nd7 18. Qg4 Bxe5 19. Bxe5 Nxe5 20. dxe5 O-O
21. Rg3 g6 22. h4 Qc4 23. Qg5 Qe4 24. h5 Qf5 25. Qxf5 exf5 26. hxg6 hxg6 27.
Rd1 Rfd8 28. Rgd3 Rc5 29. f4 a5 30. Kf2 b5 31. Rd4 a4 32. a3 Kf8 33. Ke3 Ke7
34. Rh1 Ke6 35. Rh7 Rc4 36. Rh1 Rxd4 37. Kxd4 Rc8 38. g3 Rc4+ 39. Kd3 Rc8 40.
Rh2 Rc4 41. Rh8 g5 42. Rh6+ Ke7 43. fxg5 Rg4 44. Rb6 Rxg5 45. Kd4 Rxg3 46. Kxd5
Rg2 47. Rb7+ Kf8 48. Rxb5 Rd2+ 49. Kc5 f4 50. Rb4 Rf2 51. Rxa4 Rxb2 52. Rxf4
Rb3 53. c4 Rxa3 54. e6 Ra5+ 55. Kb6 1-0